LEADER 02485nam a2200337 4500 001 000000351872 003 CaOOAMICUS 005 20221013114522.0 008 221013s1785 it a 000 u ita r 040 $aSeMil$bita 041 1 $aita$alat 110 2 $aFatebenefratelli.$0(OLS)http://semarc/name/116635 245 10$aRegola del p.s. Agostino e costituzioni della religione di S. Gio di Dio approvate dalla sa.me di Paolo 5. Coll'aggiunta di alcune annotazioni nelle quali si accennano varj decreti apostolici, ... Si aggiungono in fine le bolle, e decreti, ... Trasportati in lingua italiana per uso della religione suddetta in conformita dell'indulto concessole dalla Sagra Congregazione de' Vescovi, e Regolari. 264 1$aIn Roma :$bNella Stamperia di Paolo Giunchi,$c1785. 300 $a2 v. :$bill. ;$c4° 500 $aLegati insieme i 2 vol. 500 $aFregio xilogr. sui front. 650 4$aOrdine ospedaliero di San Giovanni di Dio - Regole e costituzioni.$0(OLS)http://semarc/subject/52981 700 1 $aGiunchi, Paolo,$c.$0(OLS)http://semarc/name/12678 700 01$aAugustinus, Aurelius,$c.$0(OLS)http://semarc/name/498 774 0 $t[1].$dIn Roma : Nella Stamperia di Paolo Giunchi, 1785.$w()351873 774 0 $t[2]: Constituzioni e decreti apostolici che si debbono leggere dai regolari in capitolo, o nella pubblica mensa, ogni anno nei giorni determinati. Trasportati in lingua italiana per uso de' religiosi di S. giovanni di Dio in conformita dell'indulto speciale conceduto loro dalla Sag. Congreg. de' Vescovi, e Regolari li 4. Febrajo 1718.$dIn Roma : Nella Stamperia di Paolo Giunchi, 1785.$w()351874 900 11$aAgostino : d'Ippona. 900 11$aSant'Agostino. 910 2 $aOrdine ospedaliero di San Giovanni di Dio. 996 $6245$aRegola del p.s. Agostino e costituzioni della religione di S. Gio di Dio approvate dalla sa.me di Paolo 5. Coll'aggiunta di alcune annotazioni nelle quali si accennano varj decreti apostolici, ... Si aggiungono in fine le bolle, e decreti, ... Trasportati in lingua italiana per uso della religione suddetta in conformita dell'indulto concessole dalla Sagra Congregazione de' Vescovi, e Regolari$9(OLS)http://semarc/title/441676 996 $6264$aIn Roma :$bNella Stamperia di Paolo Giunchi$9(OLS)http://semarc/publisher/51727 LEADER 01308nam a2200229 i 4500 001 000000044489 003 CaOOAMICUS 005 19960102000000.0 008 960102n it u000 u ita u 013 $a15659 040 $aSeMil$bita 100 1 $aDiocesi di Reggio Emilia-Guastalla.$0(OLS)http://semarc/name/22128 245 10$aPresenza dei cristiani nella società civile :$batti del convegno ecclesiale, Reggio Emilia, 19-20 marzo 1983. 650 4$aSinodi diocesani - Reggio Emilia-Guastalla.$0(OLS)http://semarc/subject/9508 774 0 $aRossi, Carlo $tTappa sinodale 1982-1983.$w()294681 774 0 $aProdi, Romano <1939- >$tRiflessioni sul futuro sociale ed economico della nostra comunità.$w()294682 774 0 $aLazzati, Giuseppe <1909-1986>$tImpegno del laico cristiano nel sociale, oggi.$w()294683 774 0 $aMartini, Carlo Maria $tChiesa italiana attorno all'Eucaristia e l'impegno dei cristiani per la società civile.$w()294684 850 $aSeMil 852 $aSeMil$W1$xVenegono$y1$m2J I 174$j10644$B10644$CSeMilBibl$Z2$F10644 $81 961 $aOmaggio: Brambilla don Franco Giulio 996 $6245$aPresenza dei cristiani nella società civile :$batti del convegno ecclesiale, Reggio Emilia, 19-20 marzo 1983$9(OLS)http://semarc/title/65807